|
|
|
|
| LEADER |
00000nam0a2200000 4500 |
| 001 |
298819 |
| 005 |
20231102001137.0 |
| 020 |
|
|
|a RU
|b 82-70224
|
| 035 |
|
|
|a (RuTPU)RU\TPU\book\323969
|
| 090 |
|
|
|a 298819
|
| 100 |
|
|
|a 20150622d1982 km y0rusy5003 ca
|
| 101 |
0 |
|
|a rus
|
| 102 |
|
|
|a KZ
|
| 105 |
|
|
|a a z 000zy
|
| 200 |
1 |
|
|a Метод гомогенизации газово-жидких включений в минералах. Временные методические рекомендации по организации и проведению минералотермометрических измерений
|f В. А. Кормушин
|g Академия наук Казахской ССР (АН КазССР)
|
| 210 |
|
|
|a Алма-Ата
|c Наука
|d 1982
|
| 215 |
|
|
|a 72 с.
|c ил.
|
| 606 |
1 |
|
|a Минералы
|x Включения
|x Исследование
|2 stltpush
|3 (RuTPU)RU\TPU\subj\72244
|9 85811
|
| 610 |
1 |
|
|a минералообразование
|
| 610 |
1 |
|
|a гомогенизация
|
| 610 |
1 |
|
|a исследование
|
| 610 |
1 |
|
|a газо-жидкие включения
|
| 610 |
1 |
|
|a классификация
|
| 610 |
1 |
|
|a типы
|
| 610 |
1 |
|
|a образцы
|
| 610 |
1 |
|
|a отбор
|
| 610 |
1 |
|
|a методика
|
| 610 |
1 |
|
|a микроскопия
|
| 610 |
1 |
|
|a нагревание
|
| 675 |
|
|
|a 549.08:548
|z rus
|v 4
|
| 700 |
|
1 |
|a Кормушин
|b В. А.
|g Владимир Александрович
|4 070
|
| 712 |
0 |
2 |
|a Академия наук Казахской ССР (АН КазССР)
|c (Алма-Ата)
|2 stltpush
|3 (RuTPU)RU\TPU\col\4941
|
| 801 |
|
0 |
|a RU
|b RuMRKP
|c 19950704
|g psbo
|
| 801 |
|
1 |
|a RU
|b 63413507
|c 20150622
|
| 801 |
|
2 |
|a RU
|b 63413507
|c 20220801
|g RCR
|
| 942 |
|
|
|c BK
|